000 00521nam a22001697a 4500
005 20240809082903.0
008 240809b |||||||| |||| 00| 0 eng d
020 _a040901673 X
041 _aEnglish
082 _a349 SOU
100 _lEnglish
245 _aButterworths Index and Noter-Up to the South African Law Reports 1980-89
260 _aDurban:
_bButterworths Publishers (Pty) Ltd,
_c1990
300 _b982 pages;
_c25 cm.
650 _aLegal practice
_bLaw
942 _cBK
_6ALISON_BN_VRIES
999 _c2531
_d2531